Normal view
MARC view
- Saline waters.
Entry Topical Term
001 - CONTROL NUMBER
- control field: 25128
003 - CONTROL NUMBER IDENTIFIER
- control field: NUST
005 - DATE AND TIME OF LATEST TRANSACTION
- control field: 20191104160934.0
008 - FIXED-LENGTH DATA ELEMENTS
- fixed length control field: 191104|| aca||aabn | a|a d
040 ## - CATALOGING SOURCE
- Original cataloging agency: NUST
- Transcribing agency: NUST
150 ## - HEADING--TOPICAL TERM
- Topical term or geographic name entry element: Saline waters.
670 ## - SOURCE DATA FOUND
- Source citation: Work cat.: (NUST)0: Grace, Robert A., 1938- 25125, Marine outfall construction :, c2009.
